Statystyki dla Państwa Europy i Azji po hiszpańsku

Kliknij tutaj aby rozwiązać quiz!

Ogólne statystyki

  • Ten quiz został rozwiązany 307 razy
  • Średni wynik to 15 z 91

Statystyki odpowiedzi

PolskiHiszpański% Poprawnych
PolskaPolonia
92%
HiszpaniaEspaña
63%
WłochyItalia
63%
NiemcyAlemania
57%
FrancjaFrancia
55%
RosjaRusia
30%
AustriaAustria
29%
PortugaliaPortugal
29%
San MarinoSan Marino
24%
ChinyChina
23%
AlbaniaAlbania
22%
EstoniaEstonia
22%
FinlandiaFinlandia
22%
GrecjaGrecia
22%
IranIrán
22%
IrakIrak
21%
JaponiaJapón
21%
MonakoMónaco
21%
ArmeniaArmenia
20%
BułgariaBulgaria
20%
SerbiaSerbia
20%
UkrainaUcrania
20%
IndieIndia
19%
LiechtensteinLiechtenstein
19%
IslandiaIslandia
18%
KosowoKosovo
18%
OmanOmán
18%
AndoraAndorra
17%
BelgiaBélgica
17%
LaosLaos
17%
MacedoniaMacedonia
17%
NepalNepal
17%
SzwecjaSuecia
17%
BruneiBrunéi
16%
WatykanVaticano
16%
AfganistanAfganistán
15%
MołdawiaMoldavia
15%
MongoliaMongolia
15%
CzarnogóraMontenegro
15%
PakistanPakistán
15%
Sri LankaSri Lanka
15%
IndonezjaIndonesia
14%
JordaniaJordania
14%
CzechyRepública Checa
14%
SingapurSingapur
14%
SzwajcariaSuiza
14%
WietnamVietnam
14%
IzraelIsrael
13%
LitwaLituania
13%
NorwegiaNoruega
13%
SłowacjaEslovaquia
12%
IrlandiaIrlanda
12%
Wielka BrytaniaReino Unido
12%
TurkmenistanTurkmenistán
12%
TurcjaTurquía
12%
UzbekistanUzbekistán
12%
JemenYemen
12%
Arabia SaudyjskaArabia Saudí
11%
BiałoruśBelarús
11%
DaniaDinamarca
11%
WęgryHungría
11%
ŁotwaLetonia
11%
TajwanTaiwán
11%
BangladeszBangladés
10%
BhutanBután
10%
KatarCatar
10%
ChorwacjaCroacia
10%
SłoweniaEslovenia
10%
LuksemburgLuxemburgo
10%
SyriaSiria
10%
RumuniaRumania
9%
GruzjaGeorgia
8%
LibanLíbano
8%
HolandiaPaíses Bajos
8%
TajlandiaTailandia
8%
Korea PółnocnaCorea del Norte
7%
Korea PołudniowaCorea del Sur
7%
FilipinyFilipinas
6%
Bośnia i HercegowinaBosnia y Herzegovina
5%
KuwejtKuwait
5%
MalezjaMalasia
5%
AzerbejdżanAzerbaiyán
3%
KambodżaCamboya
3%
Timor WschodniTimor Oriental
3%
BahrajnBaréin
2%
BirmaBirmania
2%
Zjednoczone Emiraty ArabskieEmiratos Árabes Unidos
2%
KazachstanKazajistán
2%
MalediwyMaldives
2%
TadżykistanTayikistán
2%
KirgistanKirguistán
1%

Rozkład punktacji

Percentyl według liczby udzielonych odpowiedzi

Procent ludzi z każdym wynikiem

Twoja historia wyników

Nie rozwiązałeś tego quizu